|
|
|
|
| LEADER |
00000nam0a2200000 4500 |
| 001 |
255940 |
| 005 |
20231101233054.0 |
| 010 |
|
|
|a 9785913042255
|
| 035 |
|
|
|a (RuTPU)RU\TPU\book\278567
|
| 090 |
|
|
|a 255940
|
| 100 |
|
|
|a 20140403d2014 m y0rusy50 ca
|
| 101 |
0 |
|
|a eng
|
| 102 |
|
|
|a RU
|
| 105 |
|
|
|a y j 000zy
|
| 200 |
1 |
|
|a Практический курс перевода по английскому языку
|e учебное пособие для вузов
|f Г. В. Кузьмина, С. С. Хромов
|
| 205 |
|
|
|a 2-е изд.
|
| 210 |
|
|
|a Москва
|c IDO PRESS
|c Университетская книга
|d 2014
|
| 215 |
|
|
|a 175 с.
|
| 330 |
|
|
|a Учебное пособие базируется на оригинальном материале, формирующем навыки устного и письменного перевода. Специальные упражнения, следующие за текстами, предназначены для закрепления пройденного материала, дальнейшего расширения словарного запаса и развития самостоятельной критической оценки прочитанного и тем самым способствуют развитию навыков общения и расширению кругозора. Издание предназначено для студентов (бакалавриат и магистратура) гуманитарных специальностей, владеющих грамматикой и общей лексикой английского языка.
|
| 606 |
1 |
|
|a Английский язык
|x Учебные руководства и пособия для высшей школы
|x Пособия по стилистике, переводу
|2 stltpush
|3 (RuTPU)RU\TPU\subj\67887
|9 83516
|
| 610 |
1 |
|
|a переводоведение
|
| 610 |
1 |
|
|a переводческая деятельность
|
| 610 |
1 |
|
|a переводческие ошибки
|
| 610 |
1 |
|
|a переводческие стратегии
|
| 610 |
1 |
|
|a переводы
|
| 610 |
1 |
|
|a упражнения
|
| 610 |
1 |
|
|a тесты
|
| 686 |
|
|
|a Ш143.21-923.7
|v LBC/SL-A
|2 rubbk
|
| 700 |
|
1 |
|a Кузьмина
|b Г. В.
|
| 701 |
|
1 |
|a Хромов
|b С. С.
|
| 801 |
|
1 |
|a RU
|b 63413507
|c 20140403
|
| 801 |
|
2 |
|a RU
|b 63413507
|c 20140620
|g RCR
|
| 900 |
|
|
|a Практический курс перевода (английский язык)
|
| 942 |
|
|
|c BK
|
| 959 |
|
|
|a 60/20140403
|d 1
|e 217,80
|f ЧЗИЛ:1
|